00441cam a22001577a 4500008004000000020001500040082001200055100001600067245005000083260003900133300001000172650002300182650002000205650003200225650002600257180718b2000 xxu||||| |||| 00| 0 eng d a8121206553 aN4 Se55 aSen, Sankar aPolice in democratic societiescby Sankar Sen aDelhibGyan Publishing Housec2000 a249p. aPolice regulations aPolice training aPolice - Complaints against aPolice administration